| 000 | 00381 a2200121 4500 | ||
|---|---|---|---|
| 082 | _a374.454 | ||
| 090 |
_c1360 _d1360 |
||
| 100 | _aProf. Dr. Muhammad Rashid | ||
| 245 |
_aAllied Material on the Concept and Methods o Distance Education _cProf. Dr. Muhammad Rashid |
||
| 260 |
_aIslamabad, Pakistan _bNational Book Foundatio _c1998 |
||
| 300 | _a602 | ||
| 942 |
_aNBS _cBK _k374.454 RAS |
||
| 999 |
_c343882 _d343882 |
||